[Event "16. Open Ciutat de Montcada 2008"]
[Site "Montcada i Reixac ESP"]
[Date "2008.07.03"]
[Round "9.5"]
[White "Granados Gomez, Manuel"]
[Black "Petrov, Marijan"]
[Result "0-1"]
[WhiteElo "2417"]
[BlackElo "2489"]
[PlyCount "82"]
[EventDate "2008.06.25"]
[EventType "swiss"]
[EventRounds "9"]
[EventCountry "ESP"]
[Source "lmi"]
[SourceDate "2008.06.25"]

1. e4 c5 2. c4 Nc6 3. Nc3 g6 4. g3 Bg7 5. Bg2 e6 6. Nge2 Nge7 7. O-O O-O 8. d3
d6 9. Be3 Nd4 10. Qd2 Nec6 11. Bh6 Bxh6 12. Qxh6 Qf6 13. Qd2 Nf3+ 14. Bxf3 Qxf3
15. Qf4 Qxf4 16. Nxf4 a6 17. Nfe2 Rb8 18. a4 f5 19. b3 b6 20. Rab1 Bb7 21. Rfd1
Nb4 22. exf5 gxf5 23. d4 Bf3 24. dxc5 dxc5 25. Rd6 e5 26. Kf1 Nc2 27. Re6 Rfe8
28. Rxe8+ Rxe8 29. Ng1 Bc6 30. Nge2 Rd8 31. Rd1 Rxd1+ 32. Nxd1 Na1 33. Nc1 Nxb3
34. Nxb3 Bxa4 35. Nxc5 bxc5 36. Nb2 Bb3 37. Ke1 e4 38. Kd2 a5 39. f3 a4 40. Kc3
a3 41. fxe4 a2 0-1

[Event "16. Open Ciutat de Montcada 2008"]
[Site "Montcada i Reixac ESP"]
[Date "2008.07.03"]
[Round "9.6"]
[White "Narciso Dublan, Marc"]
[Black "Rojas, Luis"]
[Result "1/2-1/2"]
[WhiteElo "2509"]
[BlackElo "2428"]
[PlyCount "118"]
[EventDate "2008.06.25"]
[EventType "swiss"]
[EventRounds "9"]
[EventCountry "ESP"]
[Source "lmi"]
[SourceDate "2008.06.25"]

1. e4 e6 2. d4 d5 3. Nd2 c5 4. Ngf3 cxd4 5. Nxd4 Nc6 6. Bb5 Bd7 7. Nxc6 bxc6 8.
Bd3 Bd6 9. O-O Ne7 10. Qh5 Ng6 11. Nf3 Bf4 12. Re1 Bxc1 13. Raxc1 Qf6 14. g3
dxe4 15. Bxe4 O-O 16. Rcd1 Be8 17. c3 Rb8 18. Rd2 Rb5 19. Qh3 h6 20. Nd4 Rb6
21. Qh5 e5 22. Nb3 Ne7 23. Nc5 Rb5 24. b4 Rb8 25. Bg2 Ng6 26. Red1 a5 27. a3
axb4 28. axb4 Rc8 29. Rd6 Qe7 30. Qf5 Ra8 31. Bxc6 Bxc6 32. Rxc6 Rfd8 33. Re1
Ra3 34. Ne4 Qb7 35. Rd6 Rxd6 36. Nxd6 Qd5 37. Ne4 Ne7 38. Qg4 Kh7 39. Qh4 Kg8
40. Qg4 Qc6 41. Qd1 Nd5 42. Qc1 Ra2 43. Qb1 Nxc3 44. Nxc3 Qxc3 45. Rc1 Rb2 46.
Rxc3 Rxb1+ 47. Kg2 Rxb4 48. Rc5 e4 49. h4 g6 50. h5 Kg7 51. hxg6 Kxg6 52. Re5
f5 53. Re8 Rb2 54. Kf1 Rb6 55. Ke2 Kf6 56. Ke3 Rb3+ 57. Ke2 Rb2+ 58. Ke3 Rb3+
59. Ke2 Rb2+ 1/2-1/2

[Event "16. Open Ciutat de Montcada 2008"]
[Site "Montcada i Reixac ESP"]
[Date "2008.07.03"]
[Round "9.8"]
[White "Panelo, Marcelo"]
[Black "Barsov, Alexei"]
[Result "0-1"]
[WhiteElo "2403"]
[BlackElo "2480"]
[PlyCount "54"]
[EventDate "2008.06.25"]
[EventType "swiss"]
[EventRounds "9"]
[EventCountry "ESP"]
[Source "lmi"]
[SourceDate "2008.06.25"]

1. d4 Nf6 2. c4 e6 3. Nf3 d5 4. Nc3 Bb4 5. cxd5 exd5 6. Bg5 Nbd7 7. e3 c5 8.
Bd3 c4 9. Bc2 Qa5 10. O-O Bxc3 11. bxc3 Qxc3 12. Ne5 Nxe5 13. dxe5 Qxe5 14.
Bxf6 gxf6 15. Ba4+ Kf8 16. Rb1 Rg8 17. g3 h5 18. Rb5 Be6 19. Rxb7 h4 20. Qd2 c3
21. Qc2 hxg3 22. hxg3 Bf5 23. Qe2 Bg4 24. f4 Qf5 25. Qh2 Kg7 26. Bd7 Qg6 27.
Bc6 Rh8 0-1

[Event "16. Open Ciutat de Montcada 2008"]
[Site "Montcada i Reixac ESP"]
[Date "2008.07.03"]
[Round "9.9"]
[White "Munoz Pantoja, Miguel"]
[Black "Roy Chowdhury, Saptarshi"]
[Result "1/2-1/2"]
[WhiteElo "2478"]
[BlackElo "2434"]
[PlyCount "124"]
[EventDate "2008.06.25"]
[EventType "swiss"]
[EventRounds "9"]
[EventCountry "ESP"]
[Source "lmi"]
[SourceDate "2008.06.25"]

1. e4 c5 2. g3 Nc6 3. Bg2 g6 4. Ne2 Bg7 5. c3 e5 6. d3 Nge7 7. Be3 d6 8. O-O
O-O 9. f4 Be6 10. Nd2 Qd7 11. Nf3 Bg4 12. Qd2 Rad8 13. Rad1 Qc8 14. d4 f5 15.
d5 fxe4 16. Ng5 Nd4 17. cxd4 exd4 18. Nxd4 cxd4 19. Bxd4 Bxd4+ 20. Qxd4 Nf5 21.
Qxe4 Bxd1 22. Rxd1 Qc5+ 23. Kh1 Rde8 24. Ne6 Qf2 25. Rb1 Rf7 26. Qe1 Qxe1+ 27.
Rxe1 Ng7 28. Rc1 Kh8 29. Kg1 Nxe6 30. dxe6 Rff8 31. Bh3 Re7 32. Kf2 Kg7 33. Ke3
h5 34. Ke4 Kf6 35. Kd5 Rd8 36. b4 a6 37. a4 Ra8 38. Rc3 Rd8 39. g4 hxg4 40.
Bxg4 Rh8 41. h3 Rd8 42. Rc1 Ra8 43. Rc2 Rd8 44. b5 axb5 45. axb5 Ra8 46. b6 Ra6
47. Rb2 Ra4 48. Kxd6 Rd4+ 49. Kc5 Rxf4 50. Rd2 Rf1 51. Kd6 Rf4 52. Rd3 g5 53.
Rd2 Rf1 54. Rc2 Rf4 55. Rd2 Rb4 56. Kc5 Rf4 57. Rd5 Rf2 58. Kd6 Rf4 59. Rxg5
Rxe6+ 60. Bxe6 Kxg5 61. Kc7 Kf6 62. Bc8 Rb4 1/2-1/2

[Event "16. Open Ciutat de Montcada 2008"]
[Site "Montcada i Reixac ESP"]
[Date "2008.07.03"]
[Round "9.10"]
[White "Cuartas, Jaime Alexander"]
[Black "Gonzalez Rodriguez, Jorge A"]
[Result "1/2-1/2"]
[WhiteElo "2496"]
[BlackElo "2399"]
[PlyCount "140"]
[EventDate "2008.06.25"]
[EventType "swiss"]
[EventRounds "9"]
[EventCountry "ESP"]
[Source "lmi"]
[SourceDate "2008.06.25"]

1. e4 e6 2. d4 d5 3. Nc3 Bb4 4. e5 b6 5. a3 Bf8 6. Bb5+ c6 7. Ba4 a5 8. Nce2 b5
9. Bb3 c5 10. c3 Nc6 11. Nf3 Bd7 12. O-O c4 13. Bc2 b4 14. b3 cxb3 15. Bxb3
bxa3 16. Bxa3 Bxa3 17. Rxa3 Nge7 18. Bc2 Ng6 19. Qd2 O-O 20. Rfa1 f6 21. Qe3 f5
22. Nc1 Qc7 23. Nd3 Rfb8 24. h4 Nf8 25. Nc5 Nd8 26. Nd2 Nb7 27. Ndb3 Nxc5 28.
Nxc5 Ra7 29. Bd3 Bb5 30. Qe2 Bxd3 31. Qxd3 Rba8 32. c4 dxc4 33. Qxc4 Qc6 34. h5
h6 35. Rb1 Rd8 36. Rab3 Rad7 37. Rb6 Rxd4 38. Rxc6 Rxc4 39. Nxe6 Rxc6 40. Nxd8
Ra6 41. Rb8 Nd7 42. Rc8 Nb6 43. Rc5 Ra8 44. Nc6 a4 45. Nb4 a3 46. Na2 Ra7 47.
e6 Re7 48. Rc6 Nd5 49. Ra6 Nf4 50. g3 Nxh5 51. Nb4 Nf6 52. Nc2 g6 53. Nd4 Kg7
54. Rxa3 Ne4 55. Ra6 Kf6 56. Kg2 Nc5 57. Rb6 Nxe6 58. f4 Kf7 59. Nc6 Rc7 60.
Ne5+ Kf6 61. Nxg6 Kxg6 62. Rxe6+ Kg7 63. Kh3 Rc1 64. Ra6 Rb1 65. g4 Rh1+ 66.
Kg2 Rh4 67. gxf5 Rxf4 68. Rg6+ Kh7 69. Rf6 Kg7 70. Rg6+ Kh7 1/2-1/2